Curso de redacción: (Registro nro. 9670)

Detalles MARC
000 -LEADER
fixed length control field 01129nam a2200241Ia 4500
005 - FECHA Y HORA DE LA ÚLTIMA TRANSACCIÓN
control field 20231009141647.0
008 - FIXED-LENGTH DATA ELEMENTS--GENERAL INFORMATION
fixed length control field 231006s9999 xx 000 0 und d
020 ## - INTERNATIONAL STANDARD BOOK NUMBER
International Standard Book Number 978-84-283-3997-1
040 ## - CATALOGING SOURCE
Original cataloging agency UPAN
Transcribing agency Biblioteca San Vicente
Description conventions RCAA80
041 ## - LANGUAGE CODE
Language code of text/sound track or separate title spa
082 ## - DEWEY DECIMAL CLASSIFICATION NUMBER
Classification number 371.302 81
Item number M386c
año de publicación 2018
100 ## - MAIN ENTRY--PERSONAL NAME
Personal name Martín Vivaldi, Gonzalo
Relator code aut.
245 #0 - TITLE STATEMENT
Title Curso de redacción:
Remainder of title Teoría y práctica de la composición y del estilo/
Statement of responsibility, etc Gonzalo Martín Vivaldi, Arsenio Sánchez Pérez
250 ## - EDITION STATEMENT
Edition statement 34º ed
260 ## - PUBLICATION, DISTRIBUTION, ETC. (IMPRINT)
Place of publication, distribution, etc España:
Name of publisher, distributor, etc Paraninfo,
Date of publication, distribution, etc 2018
300 ## - PHYSICAL DESCRIPTION
Extent 536 p.;
Dimensions 28 cm.
505 ## - FORMATTED CONTENTS NOTE
Formatted contents note Capitulo 1. Cuestiones gramaticales<br/>Capitulo 2.Claridad y orden.<br/>Capitulo 3. Precisión en el empleo del lenguaje<br/>Capitulo 4. La elegancia en el lenguaje y el arte de escribir<br/>Capitulo 5. El arte de escribir y las técnicas<br/>- La información y la noticia<br/>- El comentario <br/>- La narración y su técnica
650 ## - SUBJECT ADDED ENTRY--TOPICAL TERM
Source of heading or term LEMB
Form subdivision Redacción
General subdivision Lengua española
650 ## - SUBJECT ADDED ENTRY--TOPICAL TERM
Source of heading or term LEMB
General subdivision Técnicas editoriales 
650 ## - SUBJECT ADDED ENTRY--TOPICAL TERM
Source of heading or term LEMB
General subdivision Redacción de escritos técnicos
700 ## - ADDED ENTRY--PERSONAL NAME
Personal name Sánchez Pérez, Arsenio
Relator code aut.
942 ## - ADDED ENTRY ELEMENTS (KOHA)
Koha item type Libros
Source of classification or shelving scheme Dewey Decimal Classification
Existencias
Withdrawn status Lost status Source of classification or shelving scheme Damaged status Not for loan Collection code Home library Current library Date acquired Total Checkouts Full call number Barcode Date last seen Copy number Price effective from Koha item type
    Dewey Decimal Classification     Colección General Biblioteca UPAN San Vicente Biblioteca UPAN San Vicente 06/10/2023   371.302 81 M386c 12004420 06/10/2023 01 06/10/2023 Libros
    Dewey Decimal Classification     Colección General Biblioteca UPAN San Vicente Biblioteca UPAN San Vicente 09/10/2023   371.302 81 M386c 12004419 09/10/2023 02 09/10/2023 Libros
    Dewey Decimal Classification     Colección General Biblioteca UPAN San Vicente Biblioteca UPAN San Vicente 09/10/2023   371.302 81 M386c 12004418 09/10/2023 03 09/10/2023 Libros